| 000 | 00687nam a22002537a 4500 | ||
|---|---|---|---|
| 003 | UA-OsUOA | ||
| 001 | 26302 | ||
| 007 | ta | ||
| 008 | 20040526b un ||||| |||| 00| 0 ukr d | ||
| 100 | _aБахвалов Н.С. | ||
| 090 |
_a519.6 _bБ30 |
||
| 942 | _cBK | ||
| 040 |
_aUA-OsUOA _brus _cUA-OsUOA _dUA-OsUOA |
||
| 245 |
_aЧисленные методы _bАнализ, алгебра, обыкновенные уравнения |
||
| 300 | _a632 с. | ||
| 955 | _a0 | ||
| 041 | _arus | ||
| 080 | _a519.6 | ||
| 260 |
_aМосква _bНаука _c1975 |
||
| 044 | _aRU | ||
| 250 | _nИздание второе, стереотипное | ||
| 650 | 7 | _2UDC | |
| 999 |
_c312622 _d312622 |
||